|
|
|
|
| LEADER |
00000naa a2200000uu 4500 |
| 001 |
vtls010952796 |
| 003 |
SK-MaSNL |
| 005 |
20260302123737.0 |
| 008 |
210910|1999 xo |||||||||||||||||eng| |
| 015 |
|
|
|a SNBRA
|
| 035 |
|
|
|a (urnnbn)urn:nbn:sk:snk:ar-a0bl3p
|
| 035 |
|
|
|a (uuid)3daccd62-576b-4f12-944c-e334db588d93
|
| 035 |
|
|
|a urn:nbn:sk:snk-aaud40
|
| 040 |
|
|
|a SNKBUCL
|b slo
|c SNKBUCL
|e AACR2
|
| 041 |
0 |
|
|a eng
|
| 044 |
|
|
|a xo
|c SK
|
| 100 |
1 |
|
|a Kopčík, Martin
|4 aut
|9 614068
|
| 245 |
1 |
0 |
|a Neural Networks in Time Series Prediction
|c Martin Kopčík, Peter Sinčák, Stanislav Kaleta
|
| 700 |
1 |
|
|a Sinčák, Peter,
|d 1960-
|4 aut
|9 207699
|
| 700 |
1 |
|
|a Kaleta, Stanislav
|4 aut
|9 794092
|
| 773 |
0 |
|
|t INES '99
|d Košice : Elfa, 1999, 1999
|g S. 389-392
|z 8088964253
|
| 958 |
|
|
|a OND
|
| 958 |
|
|
|a article11
|
| 958 |
|
|
|a chapter
|
| 999 |
|
|
|c 1284514
|d 1286444
|